00545 2200205 4500001002100000005001500021035002500036090002100061245005100082260003300133300003100166100001800197082001600215084001800231440002000249650001600269850001200285990002100297990002100318YOGYA00000000008311520250623080128 a0010-081400000082832 aCB-D.11 2010-879 aBuah Tak cuman manis di lidah /cDessy Danarti aYogyakarta :bNyo-Nyo,c2010 a28 hlm. :bilus. ;c23 cm. aDessy Danarti 222a581.646 a581.646 DES b aSeri sains anak aBuah-buahan aYOPDYOG aCB-D.11/2010-879 aCB-D.11/2010-879